| 000 | 00622nam a2200229Ia 4500 | ||
|---|---|---|---|
| 003 | OSt | ||
| 005 | 20221005120649.0 | ||
| 006 | a|||||r|||| 00| 0 | ||
| 007 | ta | ||
| 008 | 221004b |||||||| |||| 00| 0 eng d | ||
| 024 | _a42095 | ||
| 037 | _cTextual | ||
| 040 |
_aCRL _cCRL _beng |
||
| 041 |
_2eng _aeng |
||
| 082 | _aO113:6M95:9, 111J3 | ||
| 245 | 0 |
_aErnst Junger _b A writer of our time |
|
| 260 | _c1953 | ||
| 490 | _aStudies in modern European literature and English thought; 5 | ||
| 650 | _aENGLISH LITERATURE | ||
| 942 |
_hO113:6M95:9, 111J3 _cTEXL _2cc |
||
| 999 |
_c1038740 _d1038740 |
||